000 00623nam a2200193 a 4500
001 000022696
005 20200930021738.0
008 101115s1989 sp r 000 p spa d
040 _aDO-SdBNP
_bspa
_cBNPHU
082 _aCu861.44
_bV665c
100 1 _aViera, Félix Luis,
_c1945-
_921699
245 1 0 _aCada día muero 24 horas /
_cFélix Luis Viera ; edición Eliana Dávilas.
260 _aLa Habana, Cuba :
_bLetras Cubanas,
_c1989.
300 _a68, [4], p. ;
_c18 cm.
490 1 _aGiraldilla
650 4 _aPoesía cubana
_95226
650 4 _aLiteratura cubana
_ySIGLO XX
_99186
700 1 _aDávilas, Eliana
_eed.
_946665
999 _c22193
_d22193